000 00473nam a2200193Ia 4500
003 OSt
005 20250802100033.0
008 250729s2005 xx 000 0 und d
020 _a978-8171418428
040 _cAL
041 _aeng
082 _a371.2 RAOC
100 _aRao Digumurthi
_9220743
245 _aEducatinal administration
260 _aNew Delhi
_bDiscovery Publishing House
_c2005
300 _a310p
650 _aEducation
_9220744
942 _2ddc
_cBED
999 _c234713
_d234713